MARC

LEADER 00000nam0a2200000 4500
001 256436
005 20231101233121.0
020 |a RU  |b 87-94274 
035 |a (RuTPU)RU\TPU\book\279122 
090 |a 256436 
100 |a 20140409d1987 k a0rusy5003 ca 
101 0 |a rus 
102 |a UZ 
105 |a a g 001zy 
200 1 |a Справочник механизатора строительства  |f М. О. Трахтенберг, В. У. Хайров 
205 |a 3-е изд., перераб., доп. 
210 |a Ташкент  |c Мехнат  |d 1987 
215 |a 413 с.  |c ил. 
320 |a Библиогр.: с. 409-410. 
606 1 |a Механизация строительства  |2 stltpush  |3 (RuTPU)RU\TPU\subj\43517  |9 63007 
610 1 |a строительные работы 
610 1 |a справочники 
610 1 |a механизация 
610 1 |a технические характеристики 
610 1 |a строительные машины 
610 1 |a техническое обслуживание 
675 |a 69.002.5  |z rus 
700 1 |a Трахтенберг  |b М. О.  |g Михаил Осипович  |4 070 
701 1 |a Хайров  |b В. У.  |g Владимир Усманович  |4 070 
801 0 |a RU  |b RuMRKP  |c 19950417  |g psbo 
801 1 |a RU  |b 63413507  |c 20140409 
801 2 |a RU  |b 63413507  |c 20141208  |g RCR 
942 |c BK